Gaming Quiz

Random Gaming or Mario Quiz

Mario Party Characters Quiz Stats

 Plays Quiz not verified by Sporcle

Also try: Chess Pieces
Challenge
Share
Tweet
Embed
Score 0/23 Timer 10:00
0 Plays Today
First Game Character % Correct
Mario PartyMario
100%
Mario PartyLuigi
100%
Mario PartyPeach
100%
Mario Party 5Toad
97.1%
Mario PartyYoshi
96.1%
Mario PartyWario
96.1%
Mario Party 3Daisy
95.1%
Mario PartyDonkey Kong
94.1%
Mario Party 6Toadette
94.1%
Mario Party 3Waluigi
93.1%
Mario Party 9Koopa Troopa
93.1%
Mario Party 5Boo
88.2%
First Game Character % Correct
Mario Party 7Dry Bones
86.3%
Mario Party 7Birdo
85.3%
Mario Party 10Rosalina
85.3%
Mario Party 9Shy Guy
80.4%
Mario Party 8Blooper
79.4%
Mario Party: Island TourBowser Jr.
79.4%
Mario Party 8Hammer Bro
76.5%
Mario Party 9Magikoopa
73.5%
Mario Party: Star RushDiddy Kong
73.5%
Mario Party 10Spike
67.6%
Mario Party 5Koopa Kid
66.7%

You're not logged in!

Compare scores with friends on all Sporcle quizzes.
Join for Free
OR
Log In

You Might Also Like...

Show Comments

Extras

Top Quizzes Today


Score Distribution

Your Account Isn't Verified!

In order to create a playlist on Sporcle, you need to verify the email address you used during registration. Go to your Sporcle Settings to finish the process.

Report this User

Report this user for behavior that violates our Community Guidelines.

Details: